| 000 | 00942nas a2200313 4500 | ||
|---|---|---|---|
| 001 | BR2014003765 | ||
| 003 | BR-BrBNA | ||
| 005 | 20231205124145.0 | ||
| 007 | ta | ||
| 008 | 230509b bl.|||p| |||| 00| 00por d | ||
| 040 |
_aBR-BrBNA _bpor _cBiblioteca Nacional de Agricultura |
||
| 041 | _a(En) | ||
| 072 | _aL73 | ||
| 100 | 1 | _aSousa, E. de | |
| 100 | 1 | _aCosta, T.P. | |
| 100 | 1 | _aWerther, K. | |
| 100 | 1 | _aDurigon, E.L. | |
| 100 | 1 | _aAraujo, J. de | |
| 100 | 1 | _aFerreira, C.S. | |
| 100 | 1 | _aPinto, A.A. | |
| 245 | 1 | _aPresence of antibodies against H5, H7 and H9 influenza A virus in wild birds in the state of São Paulo, Brazil | |
| 650 | _aAVE SELVAGEM | ||
| 650 | _aANTIBIOTICO | ||
| 650 | _aGRIPE | ||
| 650 | _aVIRUS | ||
| 773 | 0 |
_tBrazilian Journal of Poultry Science (Brazil) _xISSN 1516-635X _g(Jul-Sep 2013), v. 15(3) p. 169-172 _wBR2014003765 |
|
| 909 |
_a202311 _bLúcia _c55 _dLúcia Elande |
||
| 942 |
_2AGRIS _n0 _cANA |
||
| 999 |
_c237587 _d237587 |
||